000 00273nam a2200097Ia 4500
001 1253546
005 20251031150955.0
008 251031s9999 xx 000 0 und d
245 0 _cSİMONE VEENSTRA
_aV-3 AFACAN DEDEKTİFLER HAYVANAT BAHÇESİNDE
260 _bERDEM YAYINLARI
999 _c1253546
_d1253546